00638nam a2200181Ia 4500008004100000082001800041100002000059245005200079250000800131260002700139300001300166500002400179650001500203942000700218952010700225952010700332999001700439230524s9999 xx 000 0 und d a621.3821bJAS aJ.Michael Jacob 0aPower Electronics : Principles and Applications a2ND aSINGAPOREbVikasc2004 aXVII;575 aQuantity Number: 2 aElectrical cBK 00104070aTATCLbTATCLcGENd2023-05-24l0o621.3821 JASp6535r2023-05-24w2023-05-24yBKzPCEL4301 00104070aTATCLbTATCLcGENd2023-05-24l0o621.3821 JASp6536r2023-05-24w2023-05-24yBKzPCEL4301 c20305d20305